<?xml version="1.0" encoding="UTF-8"?>
<record
    xmlns:xsi="http://www.w3.org/2001/XMLSchema-instance"
    xsi:schemaLocation="http://www.loc.gov/MARC21/slim http://www.loc.gov/standards/marcxml/schema/MARC21slim.xsd"
    xmlns="http://www.loc.gov/MARC21/slim">

  <leader>00950cam a22002411i 4500</leader>
  <controlfield tag="003">SA-RiAUC</controlfield>
  <controlfield tag="005">20250901044742.0</controlfield>
  <controlfield tag="008">250125s1989    xx     g      00000cara c</controlfield>
  <datafield tag="040" ind1=" " ind2=" ">
    <subfield code="a">SA-JeALM</subfield>
    <subfield code="b">ara</subfield>
    <subfield code="c">SA-RiAUC</subfield>
    <subfield code="e">rda</subfield>
  </datafield>
  <datafield tag="082" ind1="0" ind2="4">
    <subfield code="a">922.58</subfield>
    <subfield code="q">SA-RiAUC</subfield>
  </datafield>
  <datafield tag="090" ind1=" " ind2=" ">
    <subfield code="a">922.58</subfield>
    <subfield code="b">&#x627; &#x628; &#x646; &#x62D;</subfield>
  </datafield>
  <datafield tag="100" ind1="1" ind2=" ">
    <subfield code="a">&#x627;&#x628;&#x646; &#x62D;&#x645;&#x64A;&#x62F;&#x60C; &#x645;&#x62D;&#x645;&#x62F; &#x628;&#x646; &#x639;&#x628;&#x62F; &#x627;&#x644;&#x644;&#x647;&#x60C;</subfield>
    <subfield code="d">1236-1295 &#x647;&#x62C;&#x631;&#x64A;</subfield>
    <subfield code="e">&#x645;&#x624;&#x644;&#x641;.</subfield>
  </datafield>
  <datafield tag="245" ind1="1" ind2="2">
    <subfield code="a">&#x627;&#x644;&#x633;&#x62D;&#x628; &#x627;&#x644;&#x648;&#x627;&#x628;&#x644;&#x629; &#x639;&#x644;&#x649; &#x636;&#x631;&#x627;&#x626;&#x62D; &#x627;&#x644;&#x62D;&#x646;&#x627;&#x628;&#x644;&#x629; /</subfield>
    <subfield code="c">&#x645;&#x62D;&#x645;&#x62F; &#x628;&#x646; &#x639;&#x628;&#x62F; &#x627;&#x644;&#x644;&#x647; &#x628;&#x646; &#x62D;&#x645;&#x64A;&#x62F; &#x627;&#x644;&#x646;&#x62C;&#x62F;&#x64A; &#x627;&#x644;&#x62D;&#x646;&#x628;&#x644;&#x64A;.</subfield>
  </datafield>
  <datafield tag="250" ind1=" " ind2=" ">
    <subfield code="a">&#x627;&#x644;&#x637;&#x628;&#x639;&#x629; &#x627;&#x644;&#x623;&#x648;&#x644;&#x649;.</subfield>
  </datafield>
  <datafield tag="264" ind1=" " ind2="1">
    <subfield code="a">&#x628;&#x64A;&#x631;&#x648;&#x62A; :</subfield>
    <subfield code="b">&#x645;&#x624;&#x633;&#x633;&#x629; &#x627;&#x644;&#x631;&#x633;&#x627;&#x644;&#x629;&#x60C;</subfield>
    <subfield code="c">1996.</subfield>
  </datafield>
  <datafield tag="300" ind1=" " ind2=" ">
    <subfield code="a">&#x645;&#x62C;&#x644;&#x62F; &#x61B;</subfield>
    <subfield code="c">24 &#x633;&#x645;.</subfield>
  </datafield>
  <datafield tag="336" ind1=" " ind2=" ">
    <subfield code="a">&#x646;&#x635;</subfield>
    <subfield code="b">txt</subfield>
    <subfield code="2">rdacontent</subfield>
    <subfield code="3">&#x643;&#x62A;&#x627;&#x628;</subfield>
  </datafield>
  <datafield tag="337" ind1=" " ind2=" ">
    <subfield code="a">&#x628;&#x62F;&#x648;&#x646; &#x648;&#x633;&#x64A;&#x637;</subfield>
    <subfield code="b">n</subfield>
    <subfield code="2">rdamedia</subfield>
  </datafield>
  <datafield tag="338" ind1=" " ind2=" ">
    <subfield code="a">&#x645;&#x62C;&#x644;&#x62F;</subfield>
    <subfield code="b">nc</subfield>
    <subfield code="2">rdacarrier</subfield>
  </datafield>
  <datafield tag="650" ind1=" " ind2="7">
    <subfield code="a">&#x627;&#x644;&#x641;&#x642;&#x647;&#x627;&#x621; &#x627;&#x644;&#x62D;&#x646;&#x627;&#x628;&#x644;&#x629;</subfield>
    <subfield code="v">&#x62A;&#x631;&#x627;&#x62C;&#x645;</subfield>
    <subfield code="2">aucsh</subfield>
  </datafield>
  <datafield tag="942" ind1=" " ind2=" ">
    <subfield code="2">ddc</subfield>
    <subfield code="c">BOOK</subfield>
    <subfield code="n">0</subfield>
  </datafield>
  <datafield tag="949" ind1=" " ind2=" ">
    <subfield code="a">SA-JeALM</subfield>
    <subfield code="d">250125</subfield>
    <subfield code="u">osman123</subfield>
    <subfield code="n">1</subfield>
  </datafield>
  <datafield tag="952" ind1=" " ind2=" ">
    <subfield code="0">0</subfield>
    <subfield code="1">0</subfield>
    <subfield code="2">ddc</subfield>
    <subfield code="3">&#x627;&#x644;&#x62C;&#x632;&#x621; &#x627;&#x644;&#x623;&#x648;&#x644;</subfield>
    <subfield code="4">0</subfield>
    <subfield code="7">0</subfield>
    <subfield code="a">WAHAB</subfield>
    <subfield code="b">WAHAB</subfield>
    <subfield code="d">2025-09-01</subfield>
    <subfield code="l">0</subfield>
    <subfield code="o">922.58 &#x627; &#x628; &#x646; &#x62D;</subfield>
    <subfield code="p">000018319</subfield>
    <subfield code="r">2025-09-01 04:49:30</subfield>
    <subfield code="w">2025-09-01</subfield>
    <subfield code="y">BOOK</subfield>
  </datafield>
  <datafield tag="952" ind1=" " ind2=" ">
    <subfield code="0">0</subfield>
    <subfield code="1">0</subfield>
    <subfield code="2">ddc</subfield>
    <subfield code="3">&#x627;&#x644;&#x62C;&#x632;&#x621; &#x627;&#x644;&#x62B;&#x627;&#x646;&#x64A;</subfield>
    <subfield code="4">0</subfield>
    <subfield code="7">0</subfield>
    <subfield code="a">WAHAB</subfield>
    <subfield code="b">WAHAB</subfield>
    <subfield code="d">2025-09-01</subfield>
    <subfield code="l">0</subfield>
    <subfield code="o">922.58 &#x627; &#x628; &#x646; &#x62D;</subfield>
    <subfield code="p">000018320</subfield>
    <subfield code="r">2025-09-01 04:49:30</subfield>
    <subfield code="w">2025-09-01</subfield>
    <subfield code="y">BOOK</subfield>
  </datafield>
  <datafield tag="952" ind1=" " ind2=" ">
    <subfield code="0">0</subfield>
    <subfield code="1">0</subfield>
    <subfield code="2">ddc</subfield>
    <subfield code="3">&#x627;&#x644;&#x62C;&#x632;&#x621; &#x627;&#x644;&#x62B;&#x627;&#x644;&#x62B;</subfield>
    <subfield code="4">0</subfield>
    <subfield code="7">0</subfield>
    <subfield code="a">WAHAB</subfield>
    <subfield code="b">WAHAB</subfield>
    <subfield code="d">2025-09-01</subfield>
    <subfield code="l">0</subfield>
    <subfield code="o">922.58 &#x627; &#x628; &#x646; &#x62D;</subfield>
    <subfield code="p">000018321</subfield>
    <subfield code="r">2025-09-01 04:49:30</subfield>
    <subfield code="w">2025-09-01</subfield>
    <subfield code="y">BOOK</subfield>
  </datafield>
  <datafield tag="999" ind1=" " ind2=" ">
    <subfield code="c">11322</subfield>
    <subfield code="d">11322</subfield>
  </datafield>
</record>
